मुक्तिबोध: विमर्श और पुन: पाठ (Record no. 8245)
[ view plain ]
| 000 -LEADER | |
|---|---|
| fixed length control field | 00619nam a2200169Ia 4500 |
| 008 - FIXED-LENGTH DATA ELEMENTS--GENERAL INFORMATION | |
| fixed length control field | 230917s9999||||xx |||||||||||||| ||und|| |
| 020 ## - ISBN | |
| Price | RS 895.00 |
| 040 ## - CATALOGING SOURCE | |
| -- | 5016894 |
| Original cataloging agency | VIVEKANANDA LIBRARY |
| 041 ## - Language | |
| -- | English |
| 082 ## - DDC NUMBER | |
| Classification number | 891.4317109 CS396M |
| 100 ## - MAIN ENTRY--PERSONAL NAME | |
| Personal name | चतुर्बेदी, सन्तोष कुमार, सम्पा. |
| 245 #0 - TITLE STATEMENT | |
| Title | मुक्तिबोध: विमर्श और पुन: पाठ |
| 260 ## - PUBLICATION, DISTRIBUTION, ETC. (IMPRINT) | |
| Place of publication, distribution, etc | प्रयागराज |
| Name of publisher, distributor, etc | लोकभारती प्रकाशन |
| Date of publication, distribution, etc | 2022 |
| 300 ## - PHYSICAL DESCRIPTION | |
| Pages | 327 p. |
| 500 ## - GENERAL NOTE | |
| General note | 4976 03/01/2023 RAJ23/10417 18/01/2023 Main Budget |
| 942 ## - ADDED ENTRY ELEMENTS (KOHA) | |
| Koha item type | Books |
| Withdrawn status | Lost status | Damaged status | Not for loan | Location (home branch) | Sublocation or collection (holding branch) | Date acquired | Koha issues (times borrowed) | Koha full call number | Accession No. | Koha date last seen | Koha item type |
|---|---|---|---|---|---|---|---|---|---|---|---|
| VIVEKANANDA LIBRARY | VIVEKANANDA LIBRARY | 25/02/2023 | 891.4317109 CS396M | 402957 | 17/09/2023 | Books | |||||
| VIVEKANANDA LIBRARY | VIVEKANANDA LIBRARY | 25/02/2023 | 891.4317109 CS396M | 402958 | 17/09/2023 | Books |
